[Event "IHEM 2007"]
[Site "Hamburg"]
[Date "2007.06.02"]
[Round "8.15"]
[White "Kielhorn, Sebastian"]
[Black "Mueller, Joerg"]
[Result "1-0"]
[WhiteElo "1846"]
[BlackElo "2118"]
[PlyCount "159"]
[EventDate "2007.??.??"]

1. d4 d6 2. Nf3 Nd7 3. e4 e5 4. dxe5 dxe5 5. Bc4 Qe7 6. Nc3 c6 7. O-O h6 8. h3
g6 9. Ne2 Bg7 10. Ng3 Ngf6 11. c3 O-O 12. Be3 Rd8 13. Qc2 Nf8 14. Rad1 Re8 15.
Qd2 Kh7 16. Qd6 N6d7 17. Qxe7 Rxe7 18. Rd2 Kg8 19. Rfd1 {(=)} Re8 20. Kf1 Nb6
21. Bb3 Be6 22. Bxe6 Nxe6 23. b3 c5 24. a4 Rab8 25. Ne1 Nc8 26. Nc2 a6 27. a5
Ne7 28. Na3 f5 29. exf5 gxf5 30. Rd6 Kf7 31. Bc1 e4 32. Nc4 Bxc3 33. Bxh6 Red8
34. Rxd8 Rxd8 35. Rxd8 Nxd8 36. Bg5 Bf6 37. Be3 Bd4 38. Bg5 Bf6 39. Be3 Ke6 40.
Bxc5 Nd5 41. Nd6 Ne7 42. b4 Be5 43. Nc4 Ng6 44. Ne2 Nc6 45. g3 Bc7 46. Ke1 {(=)
} Nge5 47. Nf4+ Kf7 48. Nd6+ Bxd6 49. Bxd6 Nf3+ 50. Kd1 Ke8 51. h4 Kd7 52. Bc5
Nce5 53. Kc2 Ng4 54. Kc3 Nfe5 55. Bd4 Nf7 56. Nh5 Ke7 57. Nf4 Nd8 58. Kc4 Nc6
59. Bc5+ Kd7 60. Ng6 Ke6 61. b5 axb5+ 62. Kxb5 Kd7 63. Kb6 Nd8 64. h5 Nc6 65.
Nh4 f4 66. gxf4 Nf6 67. h6 Nd8 68. Ng6 Kc8 69. Bd4 Nh7 70. f5 Kd7 71. Bg7 Kc8
72. Nf8 Ng5 73. h7 Nxh7 74. Nxh7 Nf7 75. Bd4 Nd6 76. f6 Kd7 77. Ng5 Nc4+ 78.
Kb5 Nd6+ 79. Kb4 Nf5 80. Bc5 1-0

[Event "IHEM 2007"]
[Site "Hamburg"]
[Date "2007.06.02"]
[Round "8.16"]
[White "Kjetsae, Johnny"]
[Black "Atri, Jamshid"]
[Result "1-0"]
[WhiteElo "2100"]
[BlackElo "2077"]
[PlyCount "79"]
[EventDate "2007.??.??"]

1. e4 e5 2. Nf3 Nc6 3. Nc3 Nf6 4. d4 exd4 5. Nd5 Be7 6. Bf4 d6 7. Nxd4 O-O 8.
Nb5 Nxd5 9. exd5 Bg5 10. Bxg5 Qxg5 11. Qd2 Qe7+ 12. Be2 a6 13. Nc3 Ne5 14.
O-O-O Rd8 15. h3 c5 16. Qe3 Qc7 17. f4 Ng6 18. h4 Nf8 19. h5 Bd7 20. h6 Re8 21.
Qf3 b5 22. hxg7 Kxg7 23. Ne4 b4 24. f5 Rxe4 25. Qxe4 Re8 26. Qf4 Kh8 27. Bd3 f6
28. Rde1 Re5 29. Rxe5 dxe5 30. Qh6 Qd6 31. g4 Qe7 32. d6 Qg7 33. Qxg7+ Kxg7 34.
Bc4 Bc6 35. Re1 a5 36. Be6 Kh6 37. Kd2 Kg5 38. Ke3 Bd7 39. Bxd7 Nxd7 40. Rh1
1-0

[Event "IHEM 2007"]
[Site "Hamburg"]
[Date "2007.06.02"]
[Round "8.17"]
[White "Ritscher, Jan-Paul"]
[Black "Weiss, Siegfried"]
[Result "1/2-1/2"]
[WhiteElo "2300"]
[BlackElo "2078"]
[PlyCount "108"]
[EventDate "2007.??.??"]

1. e4 e6 2. d4 d5 3. e5 c5 4. c3 Nc6 5. Nf3 Bd7 6. a3 c4 7. Be2 Na5 8. Nbd2 Qc7
9. a4 Ne7 10. O-O Nec6 11. Ne1 Be7 12. g3 f5 13. exf6 Bxf6 14. f4 O-O-O 15.
Nef3 Rdf8 16. b4 cxb3 17. Nxb3 Nxb3 18. Qxb3 h6 19. Ba3 Rd8 20. Ne5 Be8 21. Bg4
g5 22. Bxe6+ Kb8 23. Rab1 gxf4 24. Nxc6+ Qxc6 25. Bc1 Bg5 26. Bxf4+ Bxf4 27.
Rxf4 Rh7 28. Bf5 Rc7 29. Rf3 Qxa4 30. Qb2 Bd7 31. g4 Rg8 32. h3 h5 33. Qg2 hxg4
34. Bxg4 Bxg4 35. hxg4 Rcg7 36. Qg3+ Kc8 37. Rf4 {(=)} Qd7 38. Rbf1 Qe7 39.
R1f2 Qe6 40. Rf8+ Rxf8 41. Rxf8+ Kd7 42. Rf4 a5 43. Qf3 Re7 44. Kg2 b5 45. Rf5
Qe2+ 46. Qxe2 Rxe2+ 47. Kf3 Rc2 48. Rxd5+ Kc6 49. Rc5+ Kb6 50. g5 Rc1 51. Kf2
Rc2+ 52. Kf3 Rc1 53. Kf4 a4 54. Rc8 Kb7 1/2-1/2

[Event "IHEM 2007"]
[Site "Hamburg"]
[Date "2007.06.02"]
[Round "8.18"]
[White "Wiese, Phil"]
[Black "Albers, Andreas"]
[Result "1-0"]
[WhiteElo "1967"]
[BlackElo "1998"]
[PlyCount "65"]
[EventDate "2007.??.??"]

1. e4 c5 2. c3 Qa5 3. Nf3 b5 4. d4 cxd4 5. Nxd4 a6 6. Bd3 Bb7 7. O-O d6 8. Be3
Nf6 9. Nd2 e5 10. N4b3 Qd8 11. a4 bxa4 12. Rxa4 Be7 13. Na5 Qc7 14. Qb3 Bc6 15.
Nxc6 Nxc6 16. Bxa6 O-O 17. Rfa1 Rab8 18. Qa2 Ng4 19. Nf1 Nxe3 20. Nxe3 Bg5 21.
Nd5 Qd7 22. Be2 Kh8 23. b4 f5 24. b5 Nd8 25. Ra7 Qe6 26. Qc4 Rc8 27. Qd3 fxe4
28. Qxe4 Rc5 29. c4 Nf7 30. b6 Nd8 31. h4 Bf6 32. Bd3 g6 33. Rxh7+ 1-0

[Event "IHEM 2007"]
[Site "Hamburg"]
[Date "2007.06.02"]
[Round "9.1"]
[White "Landa, Konstantin"]
[Black "van der Weide, Karel"]
[Result "1-0"]
[WhiteElo "2608"]
[BlackElo "2502"]
[PlyCount "37"]
[EventDate "2007.??.??"]

1. Nf3 Nf6 2. c4 g6 3. Nc3 d5 4. Qa4+ Bd7 5. Qb3 dxc4 6. Qxc4 Nc6 7. d4 Bg7 8.
e4 O-O 9. Be2 Bg4 10. Be3 Nd7 11. Rd1 Bxf3 12. gxf3 Nb6 13. Qc5 f5 14. h4 f4
15. d5 Ne5 16. Bd4 Qd7 17. Nb5 Rfc8 18. Qc3 Na4 19. Qb3 1-0

[Event "IHEM 2007"]
[Site "Hamburg"]
[Date "2007.06.02"]
[Round "9.2"]
[White "Kempinski, Robert"]
[Black "Chevelevitch, Evgueni"]
[Result "0-1"]
[WhiteElo "2579"]
[BlackElo "2422"]
[PlyCount "76"]
[EventDate "2007.??.??"]

1. d4 Nf6 2. c4 g6 3. g3 Bg7 4. Bg2 O-O 5. Nc3 d6 6. Nf3 Nc6 7. O-O a6 8. d5
Na5 9. Nd2 c5 10. Qc2 Rb8 11. b3 b5 12. Bb2 e5 13. Rae1 Ng4 14. e4 f5 15. exf5
gxf5 16. f3 Nh6 17. Ne2 Qb6 18. Ba1 Nb7 19. Kh1 Nd8 20. h3 Ndf7 21. f4 Bd7 22.
Bf3 b4 23. Bh5 Qd8 24. Nf3 a5 25. Qd2 e4 26. Bxg7 Kxg7 27. Nh2 Ng8 28. g4 Qh4
29. Rg1 Nf6 30. Qb2 Rg8 31. Ng3 Kf8 32. Bxf7 Kxf7 33. g5 Rg6 34. gxf6 Rbg8 35.
Ne2 Qf2 36. Ng4 fxg4 37. Ref1 Qh4 38. Ng3 gxh3 0-1

[Event "IHEM 2007"]
[Site "Hamburg"]
[Date "2007.06.02"]
[Round "9.3"]
[White "Ftacnik, Lubomir"]
[Black "Saltaev, Mihail"]
[Result "1-0"]
[WhiteElo "2573"]
[BlackElo "2514"]
[PlyCount "101"]
[EventDate "2007.??.??"]

1. d4 d5 2. Nf3 c6 3. c4 Nf6 4. Nc3 a6 5. a4 e6 6. g3 Nbd7 7. Bg2 Bd6 8. O-O
O-O 9. e4 Nxe4 10. Nxe4 dxe4 11. Ng5 Nf6 12. Nxe4 Nxe4 13. Bxe4 f5 14. Bg2 f4
15. c5 Bc7 16. Ra3 Qf6 17. Bxf4 Bxf4 18. gxf4 Bd7 19. Rb3 Rab8 20. Qd2 Qxf4 21.
Qxf4 Rxf4 22. Rd1 Kf7 23. a5 Ke7 24. Bf1 Rg4+ 25. Kh1 Rf4 26. Bxa6 Ra8 27. Bf1
Rxa5 28. Rxb7 Rxf2 29. d5 exd5 30. Bh3 Rxc5 31. Rxd7+ Kf6 32. Re1 g6 33. Rxh7
Rcc2 34. Bd7 d4 35. Re6+ Kg5 36. h4+ Kg4 37. Rxc6+ Kf4 38. Rf7+ Ke4 39. Re6+
Kd5 40. Rxf2 Rxf2 41. Rxg6 Rxb2 42. Rg3 Ke4 43. h5 d3 44. Bc6+ Kd4 45. h6 d2
46. Ba4 Rb7 47. Rh3 Rh7 48. Rh5 Ke4 49. Kg2 Ke3 50. Bd1 Ke4 51. Kg3 1-0

[Event "IHEM 2007"]
[Site "Hamburg"]
[Date "2007.06.02"]
[Round "9.4"]
[White "Lanka, Zigurds"]
[Black "Pajeken, Wolfgang"]
[Result "1-0"]
[WhiteElo "2482"]
[BlackElo "2346"]
[PlyCount "203"]
[EventDate "2007.??.??"]

1. e4 c5 2. Nf3 d6 3. d4 cxd4 4. Nxd4 Nf6 5. Nc3 Nc6 6. Bg5 Bd7 7. Nb3 e6 8.
Nb5 Qb8 9. Bxf6 gxf6 10. Qh5 Nb4 11. Qe2 a6 12. Nc3 h5 13. f4 Qc7 14. O-O-O
O-O-O 15. Kb1 h4 16. Qf2 Kb8 17. Be2 Nc6 18. Rhf1 Be7 19. Bf3 Na5 20. f5 Nxb3
21. cxb3 Rc8 22. b4 b5 23. a3 Qa7 24. Qd2 Rc7 25. Rc1 Rhc8 26. Bh5 Be8 27. Qe2
Rc4 28. fxe6 fxe6 29. Bxe8 Rxe8 30. Qg4 f5 31. Qg6 Rec8 32. exf5 exf5 33. Qxf5
Qd4 34. Rcd1 Qe5 35. Qxe5 dxe5 36. Rf7 Bg5 37. Rg7 Be3 38. Rdd7 Bd4 39. Ne2 Be3
40. Rge7 Rc2 41. Nc3 Rxg2 42. Rxe5 Bg1 43. h3 Rc7 44. Rd8+ Kb7 45. Re4 Bf2 46.
Ree8 Rh2 47. Ne4 Bg1 48. Rg8 Be3 49. Nd6+ Ka7 50. Ra8+ Kb6 51. Rgb8+ Kc6 52.
Nf5 Ba7 53. Rc8 Bb6 54. Rh8 Rf2 55. Raf8 Rd7 56. Nxh4 Rd1+ 57. Ka2 Rdd2 58.
Rh6+ Kc7 59. Rxf2 Rxf2 60. Rg6 Rh2 61. Rg3 Bd4 62. Rb3 Bf6 63. Nf5 Kd7 64. Nh6
Bg7 65. Ng4 Rg2 66. Ne3 Re2 67. Kb1 Rh2 68. Rd3+ Ke6 69. Nd1 Be5 70. Nc3 Kf5
71. Ka2 Ke6 72. Kb3 Ke7 73. a4 Ke6 74. Re3 Kf5 75. axb5 axb5 76. Nxb5 Rxb2+ 77.
Ka3 Rc2 78. Rb3 Kg5 79. Ka4 Kh4 80. Re3 Bg3 81. Nc3 Bd6 82. b5 Rb2 83. Rd3 Bc5
84. Rd5 Bg1 85. Ka3 Rc2 86. Kb3 Rg2 87. Rd8 Rg6 88. Rh8+ Kg5 89. Kc4 Be3 90.
Ne4+ Kf5 91. Kd5 Rb6 92. Rf8+ Kg6 93. Rf3 Bh6 94. Kc4 Re6 95. Nc5 Rd6 96. Rd3
Rf6 97. Nd7 Re6 98. b6 Kh5 99. Rd5+ Kh4 100. Rd4+ Kxh3 101. b7 Rc6+ 102. Kb5
1-0

[Event "IHEM 2007"]
[Site "Hamburg"]
[Date "2007.06.02"]
[Round "9.6"]
[White "Hebbinghaus, Holger"]
[Black "Bach, Matthias"]
[Result "1-0"]
[WhiteElo "2316"]
[BlackElo "2364"]
[PlyCount "65"]
[EventDate "2007.??.??"]

1. e4 c5 2. Nf3 Nf6 3. Nc3 d5 4. exd5 Nxd5 5. Bb5+ Bd7 6. Ne5 Bxb5 7. Qf3 f6 8.
Nxb5 Na6 9. Qh5+ g6 10. Nxg6 hxg6 11. Qxh8 Qd7 12. Nc3 Qe6+ 13. Kf1 Nab4 14.
Qh7 f5 15. Nxd5 Qxd5 16. Qxg6+ Kd8 17. h4 Nxc2 18. Rb1 Qe4 19. Kg1 Nd4 20. Ra1
Rc8 21. b3 Qe1+ 22. Kh2 Qe5+ 23. Qg3 f4 24. Qd3 Rc6 25. Bb2 Rd6 26. Bxd4 Rxd4
27. Qf3 Bg7 28. Rae1 Qd6 29. Qxb7 f3+ 30. g3 Rxh4+ 31. Kg1 Rf4 32. Qxe7+ Qxe7
33. Rxe7 1-0

[Event "IHEM 2007"]
[Site "Hamburg"]
[Date "2007.06.02"]
[Round "9.9"]
[White "Stanke, Juergen"]
[Black "Jacoby, Gisbert"]
[Result "1-0"]
[WhiteElo "2310"]
[BlackElo "2252"]
[PlyCount "161"]
[EventDate "2007.??.??"]

1. Nf3 c5 2. g3 Nc6 3. Bg2 e5 4. O-O g6 5. d3 Bg7 6. c4 Nge7 7. Nc3 d6 8. Ne1
O-O 9. Nc2 Rb8 10. Rb1 a5 11. a3 Be6 12. b4 axb4 13. axb4 Nxb4 14. Nxb4 cxb4
15. Rxb4 d5 16. cxd5 Nxd5 17. Nxd5 Bxd5 18. Rb5 Bxg2 19. Kxg2 Qd7 20. Qb3 Rfe8
21. Be3 Qe6 22. Rb1 Qc6+ 23. f3 Re7 24. Rb6 Qc8 25. Rc1 Rc7 26. Rxc7 Qxc7 27.
Rb5 b6 28. Rxb6 Rxb6 29. Bxb6 Qb8 30. Qb4 Bf8 31. Qa5 Bd6 32. Be3 h5 33. Qd5
Kg7 34. d4 Bc7 35. Bf2 Bd6 36. Qe4 f5 37. Qd5 Qc7 38. Be3 Kf6 39. Kf2 g5 40.
Qg8 f4 41. dxe5+ Bxe5 42. gxf4 gxf4 43. Qf8+ Kg6 44. Bc5 Qd7 45. Qg8+ Kf5 46.
Qc4 Kf6 47. Kg2 Qg7+ 48. Kh1 Qd7 49. Bf2 Kg5 50. Kg2 Kh6 51. Qe4 Qg7+ 52. Kh1
Qf6 53. Bc5 Kg7 54. Qd5 Qf5 55. Qb7+ Kh6 56. Qc6+ Kg7 57. Qe8 Kh7 58. Qe7+ Kg6
59. Bf2 Bf6 60. Qe8+ Kg7 61. Bg1 h4 62. Qe4 Qxe4 63. fxe4 h3 64. Bc5 Kg6 65.
Kg1 Kg5 66. Kf2 Kg4 67. Bb6 Bh4+ 68. Kf1 f3 69. Bc7 Be7 70. e3 Bh4 71. Bf4 Be7
72. Bg3 Bb4 73. e5 Bd2 74. Kf2 Bb4 75. e6 Bc5 76. Ke1 Kf5 77. Bh4 Kxe6 78. Kf2
Bd6 79. Bg3 Be7 80. Kxf3 Kf5 81. Bf4 1-0

[Event "IHEM 2007"]
[Site "Hamburg"]
[Date "2007.06.02"]
[Round "9.10"]
[White "Faika, Michael"]
[Black "Carlstedt, Jonathan"]
[Result "0-1"]
[WhiteElo "2007"]
[BlackElo "2081"]
[PlyCount "66"]
[EventDate "2007.??.??"]

1. e4 c5 2. d4 cxd4 3. c3 Nf6 4. e5 Nd5 5. cxd4 d6 6. Nf3 e6 7. Bd3 Nc6 8. O-O
Qc7 9. Nbd2 dxe5 10. dxe5 Bd7 11. Re1 Ncb4 12. Bb1 O-O-O 13. a3 Na6 14. Ne4 Bc6
15. Qe2 f5 16. Neg5 Qe7 17. Nd4 Nf4 18. Bxf4 Rxd4 19. Qe3 Rd7 20. Bxf5 exf5 21.
e6 Rd5 22. Nf7 Rg8 23. Qxa7 Nc7 24. Rad1 Qxe6 25. Bxc7 Kxc7 26. Ng5 Qd6 27. Rc1
Be7 28. Nf7 Qf6 29. Rxc6+ Kxc6 30. Qa4+ Kc7 31. Ng5 Kb8 32. Ne6 Re5 33. Qf4 Bd6
0-1

[Event "IHEM 2007"]
[Site "Hamburg"]
[Date "2007.06.02"]
[Round "9.11"]
[White "Rosmann, Ilja"]
[Black "Paridar, Shadi"]
[Result "1/2-1/2"]
[WhiteElo "2242"]
[BlackElo "2225"]
[PlyCount "35"]
[EventDate "2007.??.??"]

1. e4 c5 2. Nf3 e6 3. c3 Nf6 4. e5 Nd5 5. d4 cxd4 6. cxd4 d6 7. Nc3 Nxc3 8.
bxc3 Qc7 9. Bd2 Nd7 10. exd6 Bxd6 11. Bd3 b6 12. O-O Bb7 13. Re1 Rc8 14. Ne5
Bxe5 15. dxe5 Nc5 16. Bf1 Rd8 17. Qc2 Be4 18. Bb5+ 1/2-1/2

[Event "IHEM 2007"]
[Site "Hamburg"]
[Date "2007.06.02"]
[Round "9.13"]
[White "Bracker, Frank"]
[Black "Kielhorn, Sebastian"]
[Result "1-0"]
[WhiteElo "2193"]
[BlackElo "1846"]
[PlyCount "95"]
[EventDate "2007.??.??"]

1. e4 e5 2. Nf3 Nc6 3. Bb5 a6 4. Ba4 Nf6 5. O-O b5 6. Bb3 Be7 7. Re1 O-O 8. h3
d6 9. c3 Na5 10. Bc2 c5 11. d4 Qc7 12. Nbd2 cxd4 13. cxd4 Rd8 14. d5 Bd7 15.
Nf1 Rdc8 16. Bb1 Qb8 17. b3 Ra7 18. Bb2 Rac7 19. Ne3 Nb7 20. b4 Ne8 21. Bd3 g6
22. g4 Ng7 23. Kh2 Qa7 24. Qe2 f6 25. Rg1 Nd8 26. Nd2 Nf7 27. Nb3 g5 28. Nf5
Nxf5 29. gxf5 Be8 30. Bc1 Nd8 31. Be3 Qb8 32. h4 h6 33. hxg5 hxg5 34. Kg2 Bf8
35. Rh1 Bg7 36. Rh2 Nf7 37. Rah1 Kf8 38. Rh7 Nd8 39. Bd2 Bf7 40. Na5 Be8 41.
Qf3 Rf7 42. Nb3 Qb6 43. Qh3 Ke7 44. Be3 Qb8 45. Be2 Bf8 46. Bxg5 Rxh7 47. Qxh7+
Nf7 48. Bh4 1-0

[Event "IHEM 2007"]
[Site "Hamburg"]
[Date "2007.06.02"]
[Round "9.15"]
[White "Kröncke, Manfred"]
[Black "Wiese, Phil"]
[Result "1-0"]
[WhiteElo "2207"]
[BlackElo "1967"]
[PlyCount "39"]
[EventDate "2007.??.??"]

1. e4 c5 2. Nf3 e6 3. d3 Nc6 4. g3 g6 5. Bg2 Bg7 6. O-O Nge7 7. c3 O-O 8. Be3
d6 9. a4 Rb8 10. Na3 a6 11. d4 cxd4 12. Nxd4 e5 13. Ne2 Be6 14. Qd2 Qc7 15. b4
Rfd8 16. a5 Nc8 17. c4 b6 18. axb6 Nxb6 19. b5 Na5 20. Qxa5 1-0

[Event "IHEM 2007"]
[Site "Hamburg"]
[Date "2007.06.02"]
[Round "9.16"]
[White "Weiss, Siegfried"]
[Black "Schulz, Hans-Juergen"]
[Result "1-0"]
[WhiteElo "2078"]
[BlackElo "2043"]
[PlyCount "75"]
[EventDate "2007.??.??"]

1. e3 e5 2. c4 c5 3. Nc3 f5 4. g3 Nc6 5. Bg2 Nf6 6. Nge2 Be7 7. a3 O-O 8. d4 d6
9. O-O Qe8 10. Nd5 Bd8 11. b4 cxb4 12. axb4 Nxd5 13. Bxd5+ Kh8 14. b5 Ne7 15.
Bg2 Be6 16. dxe5 dxe5 17. Bxb7 Rb8 18. Qd6 Bxc4 19. Qxb8 Bxe2 20. Bg2 Bxf1 21.
Bxf1 Ng6 22. Rxa7 Qe6 23. Ra6 Qf7 24. Ra7 Qe6 25. Ba3 Rg8 26. Ra6 Qf7 27. b6 f4
28. b7 h6 29. Qc8 fxe3 30. fxe3 Qf3 31. Qc1 Bg5 32. Bc5 Rd8 33. Rxg6 Rd1 34.
b8=Q+ Kh7 35. Qf8 Bxe3+ 36. Bxe3 Rxf1+ 37. Qxf1 Qxe3+ 38. Q8f2 1-0

[Event "IHEM 2007"]
[Site "Hamburg"]
[Date "2007.06.02"]
[Round "9.17"]
[White "Atri, Jamshid"]
[Black "Ritscher, Jan-Paul"]
[Result "0-1"]
[WhiteElo "2077"]
[BlackElo "2300"]
[PlyCount "84"]
[EventDate "2007.??.??"]

1. e4 Nf6 2. Nc3 d5 3. exd5 Nxd5 4. Bc4 Nb6 5. Bb3 Nc6 6. Qf3 e6 7. Nge2 Be7 8.
d3 a5 9. a3 O-O 10. Be3 Ne5 11. Qg3 Nbd7 12. h4 Ng6 13. Bg5 Nc5 14. Ba2 h6 15.
Bxe7 Nxe7 16. O-O-O Bd7 17. Qe5 Na4 18. g4 Nxc3 19. Nxc3 Ng6 20. Qg3 Bc6 21.
Ne4 Bxe4 22. dxe4 Qf6 23. Kb1 Qe5 24. Qe3 Rad8 25. h5 Nf4 26. Rdg1 Rd4 27. f3
Rfd8 28. Ka1 c5 29. Bb1 b5 30. Rg3 a4 31. Rhg1 f6 32. Re1 Rd2 33. Qc3 Qxc3 34.
bxc3 Ne2 35. Rg2 Nxc3 36. Rxd2 Rxd2 37. Kb2 b4 38. e5 Kf7 39. exf6 Kxf6 40. f4
Rg2 41. Re5 Nd5 42. Ba2 b3 0-1

[Event "IHEM 2007"]
[Site "Hamburg"]
[Date "2007.06.02"]
[Round "9.18"]
[White "Mueller, Joerg"]
[Black "Wilms, Robert"]
[Result "1-0"]
[WhiteElo "2118"]
[BlackElo "1814"]
[PlyCount "81"]
[EventDate "2007.??.??"]

1. e4 e6 2. d4 d5 3. e5 c5 4. c3 Nc6 5. Nf3 Qb6 6. Bd3 Bd7 7. dxc5 Bxc5 8. O-O
a5 9. Qe2 Nge7 10. Na3 h6 11. Nc2 Nf5 12. Rb1 Qc7 13. g4 Nfe7 14. Bf4 h5 15. h3
hxg4 16. hxg4 O-O-O 17. b4 axb4 18. cxb4 Bb6 19. a4 Rh3 20. Kg2 Rdh8 21. Rfc1
Kb8 22. a5 Ba7 23. Na3 Qd8 24. Nb5 Qf8 25. Nxa7 Nxa7 26. b5 Ng6 27. Bxg6 fxg6
28. Bg3 Qd8 29. Nd4 Qg5 30. Nc6+ Ka8 31. Nxa7 Qh6 32. Qe3 Rh2+ 33. Bxh2 Qxh2+
34. Kf1 Rh3 35. Qd4 Ra3 36. Ke1 Qh1+ 37. Kd2 Qf3 38. Rc2 Rxa5 39. b6 Ra4 40.
Rb4 Ra3 41. Nb5 1-0